Kane's Tag Team Championship Partners Quiz Stats

 Plays Quiz not verified by Sporcle

Score 0/9 Timer 01:00
0 Plays Today
Championship Superstar % Correct
WWF Tag Team ChampionshipThe Undertaker
98.8%
WCW Tag Team ChampionshipThe Undertaker
98.8%
World Tag Team ChampionshipThe Big Show
91.2%
WWE Tag Team ChampionshipDaniel Bryan
82.1%
WWE Tag Team ChampionshipThe Big Show
79.8%
WWF Tag Team ChampionshipX-Pac
72.2%
WWF Tag Team ChampionshipMankind
69.2%
World Tag Team ChampionshipRob Van Dam
67.3%
World Tag Team ChampionshipThe Hurricane
57%

You're not logged in!

Compare scores with friends on all Sporcle quizzes.
OR
Log In

Show Comments

Extras

Created Oct 20, 2010ReportNominate
Tags:WWE Quiz, kane, wcw, WWF, WWF Attitude

Top Quizzes Today


Score Distribution

Your Account Isn't Verified!

In order to create a playlist on Sporcle, you need to verify the email address you used during registration. Go to your Sporcle Settings to finish the process.

Report this User

Report this user for behavior that violates our Community Guidelines.

Details: